000 00661nam a2200217 4500
001 144970
003 ES-MaACL
005 20230906201134.0
007 t|
008 070214s1983 sp r ||||1| spa d
100 1 _aSmith, Stan.
_9106921
245 1 0 _aDibujar y abocetar /
_cStan Smith ; traductor, Alberto Jiménez Rioja.
250 _a1ª ed.
260 _aMadrid :
_bHermann Blume,
_c1983.
300 _a176 p. :
_bprincipalmente il. ;
_c25 cm.
490 1 _aManuales para el artista
700 1 _aJiménez Rioja, Alberto.
_966601
830 0 _aManuales para el artista
_9220725
852 _aES-MaACL
_jG-13344
_bR.115078
999 _c144970
_d144970